000
00313nam a22001457a 4500
008
221209b ||||| |||| 00| 0 eng d
020
_a
9780534149901
041
_a
eng
080
_a
51
082
_a
51TUS
100
_a
22.2
101
_a
MATE
245
_a
MATH 090 PRE ALGEBRA
_c
TUSSY S A
942
_2
udc
_c
BK
999
_c
59152
_d
59152